El vínculo entre las políticas de focalización y las políticas universales /

Đã lưu trong:
Chi tiết về thư mục
Tác giả chính: Sojo, Ana
Định dạng: Texto
Các nhãn: Thêm thẻ
Không có thẻ, Là người đầu tiên thẻ bản ghi này!

MARC

LEADER 00000 a a2200000 04500
001 47728
003
040
100 |a Sojo, Ana  
245 |a El vínculo entre las políticas de focalización y las políticas universales /  |c Ana Sojo  
773 |g páginas 113-119  
999 |c 40167  |d 40167